MARC details
| 000 -CABECERA |
| campo de control de longitud fija |
01122nam a2200265 a 4500 |
| 005 - FECHA Y HORA DE LA ÚLTIMA TRANSACCIÓN |
| campo de control |
20230323063518.0 |
| 008 - ELEMENTOS DE LONGITUD FIJA--INFORMACIÓN GENERAL |
| campo de control de longitud fija |
991125s1990 chi 000 0 eng u |
| 020 ## - NÚMERO INTERNACIONAL NORMALIZADO PARA LIBROS |
| Número Internacional Estándar del Libro |
O852295316 |
| 035 ## - NÚMERO DE CONTROL DEL SISTEMA |
| Número de control de sistema |
UPN01000056728 |
| 049 ## - COLECCIÓN |
| Colección |
CG |
| 050 #4 - SIGNATURA TOPOGRÁFICA DE LA BIBLIOTECA DEL CONGRESO |
| Número de clasificación |
AC1 |
| Número de documento/Ítem |
G7 1990 v.15 |
| 100 1# - ASIENTO PRINCIPAL--NOMBRE PERSONAL |
| Nombre de persona |
Tolomeo, Claudio, |
| Fechas asociadas al nombre |
ca. 100-ca. 178 |
| 245 14 - MENCIÓN DE TÍTULO |
| Título |
The almagest / |
| Mención de responsabilidad, etc. |
Ptolemy ; tr. R. Catesby Taliaferro. |
| 250 ## - MENCIÓN DE EDICIÓN |
| Mención de edición |
2nd ed. |
| 260 ## - PUBLICACIÓN, DISTRIBUCIÓN, ETC. |
| Lugar de publicación, distribución, etc. |
Chicago, EUA : |
| Nombre del editor, distribuidor, etc. |
Encyclopaedia Britannica, |
| Fecha de publicación, distribución, etc. |
1990. |
| 300 ## - DESCRIPCIÓN FÍSICA |
| Extensión |
xiv, 1085 p. |
| 440 #0 - MENCIÓN DE SERIE/ASIENTO SECUNDARIO--TÍTULO |
| Título |
Great books of the western world ; |
| Designación de volumen o secuencia |
15 |
| 501 ## - NOTA DE "CON" |
| Nota de “Con” |
Con: Introduction, symbols, and abbreviations, and a short bibliography to Copernicus and Kepler -- On the revolutions of the heavenly spheres / by Nicolaus Copernicus -- Epitome of copernican astronomy : IV and V -- The harmonies of the world : V / by Johannes Kepler |
| 500 ## - NOTA GENERAL |
| Nota general |
Biografías: p. ix, 499, 841 |
| 650 #4 - ASIENTO SECUNDARIO DE MATERIA - TERMINO TEMATICO |
| Término de materia o nombre geográfico como elemento de entrada |
ASTRONOMIA - |
| Subdivisión general |
TRABAJOS ANTERIORES A 1800 |
| 9 (RLIN) |
8516 |
| 650 #2 - ASIENTO SECUNDARIO DE MATERIA - TERMINO TEMATICO |
| Término de materia o nombre geográfico como elemento de entrada |
Ciencia |
| Subdivisión de forma |
Colecciones |
| 9 (RLIN) |
9879 |
| 650 #4 - ASIENTO SECUNDARIO DE MATERIA - TERMINO TEMATICO |
| Término de materia o nombre geográfico como elemento de entrada |
GEOGRAFIA - |
| Subdivisión general |
TRABAJOS ANTERIORES A 1800 |
| 650 #7 - ASIENTO SECUNDARIO DE MATERIA - TERMINO TEMATICO |
| Término de materia o nombre geográfico como elemento de entrada |
Matemáticas |
| Subdivisión general |
Trabajos anteriores a 1800 |
| Fuente del encabezamiento o término |
|
| 9 (RLIN) |
25656 |
| 905 ## - TIPO DE MATERIAL |
| Tipo de material |
Libro |